000 01099nas a2200361 4500
001 BR2012008902
003 BR-BrBNA
005 20231205121504.0
007 ta
008 230509b bl.|||p| |||| 00| 00por d
040 _aBR-BrBNA
_bpor
_cBiblioteca Nacional de Agricultura
041 _a(En)
072 _aF30; H20
100 1 _aMorello, C. de L.
100 1 _aPedrosa, M.B.
100 1 _aSuassuna, N.D.
100 1 _aLamas, F.M.
100 1 _aChitarra, L.G.
100 1 _aSilva Filho, J.L.
100 1 _aAndrade, F.P.
100 1 _aBarroso, P.A.V.
100 1 _aRibeiro, J.L.
100 1 _aGodinho, V. de P.C.
100 1 _aLanza, M.A.
245 1 _aBRS 336: A high-quality fiber upland cotton cultivar for brazilian savanna and semi-arid conditions
650 _aALGODÃO
650 _aMANCHA ANGULAR
650 _aDOENÇA DE PLANTA
650 _aVARIEDADE RESISTENTE
773 0 _tCrop Breeding and Applied Biotechnology (Brazil)
_xISSN 1518-7853
_g(Mar 2012), v. 12(1) p. 92-95
_wBR2012008902
909 _a202311
_bLúcia
_c55
_dLúcia Elande
942 _2AGRIS
_n0
_cANA
999 _c223809
_d223809